Baby Names: 'N' Boy Names by Decade Quiz Stats

 Plays Quiz Updated Sep 15, 2019

Score 0/57 Timer 06:00
15 Plays Today
Decade Names % Correct
1880sNathan
91.4%
1890sNathan
91.4%
1900sNathan
91.4%
1910sNathan
91.4%
1960sNathan
91.4%
1970sNathan
91.4%
1980sNathan
91.4%
1990sNathan
91.4%
2000sNathan
91.4%
1880sNicholas
85.2%
1890sNicholas
85.2%
1900sNicholas
85.2%
1910sNicholas
85.2%
1920sNicholas
85.2%
1930sNicholas
85.2%
1940sNicholas
85.2%
1950sNicholas
85.2%
1960sNicholas
85.2%
1970sNicholas
85.2%
1980sNicholas
85.2%
1990sNicholas
85.2%
2000sNicholas
85.2%
1910sNick
85%
1900sNathaniel
77.5%
1910sNathaniel
77.5%
1920sNathaniel
77.5%
1930sNathaniel
77.5%
1940sNathaniel
77.5%
1970sNathaniel
77.5%
Decade Names % Correct
1980sNathaniel
77.5%
1990sNathaniel
77.5%
2000sNathaniel
77.5%
1880sNorman
69.6%
1890sNorman
69.6%
1900sNorman
69.6%
1910sNorman
69.6%
1920sNorman
69.6%
1930sNorman
69.6%
1940sNorman
69.6%
1950sNorman
69.6%
1960sNorman
69.6%
1930sNeil
57.5%
1940sNeil
57.5%
1950sNeil
57.5%
1970sNeil
52.8%
1880sNoah
52.6%
1990sNoah
52.6%
2000sNoah
52.6%
1880sNelson
42.8%
1890sNelson
42.8%
1900sNelson
42.8%
1910sNelson
42.8%
1920sNelson
42.8%
1930sNelson
42.8%
2000sNolan
42.2%
1990sNicolas
37.1%
2000sNicolas
37.1%

You're not logged in!

Compare scores with friends on all Sporcle quizzes.
OR
Log In

Sporcle TV

Today on Sporcle TV


Watch our educational content, quiz creation guides, and fun videos on Sporcle TV.

Show Comments

Extras

Top Quizzes Today


Score Distribution

Your Account Isn't Verified!

In order to create a playlist on Sporcle, you need to verify the email address you used during registration. Go to your Sporcle Settings to finish the process.

Report this User

Report this user for behavior that violates our Community Guidelines.

Details: